000 00589nam a22001932 4500
001 0000011695
005 20151217155845.0
008 090104s xx 000 0 eng d
040 _aKABU
_cKABU
100 1 _aAllen-Lodge, Dorothy.
_@0000167668
245 1 0 _aAfrican horizons /
_cDorothy Allen-Lodge.
250 _a1st ed.
260 _aRipley, England :
_bBrittain,
_c[1951]
300 _a80 p.
610 2 0 _aWorld's Woman's Christian Temperance Union
_zAfrica.
_@0000167669
852 1 _9p200 KES
908 _a090104
950 _@1
999 _c13337
_d13337